00778nam a2200205Ia 4500003000400000005001700004008004100021020003000062040001300092082002400105245015900129250001100288260002800299300002700327500001900354505014100373650001200514650001800526700002800544IIN20250328122018.0250328s9999 xx adf 001 0 eng d cRs.3695.00a9789389129014 aIINbEng a611 bDEV1 aInderbir Singh's Textbook of Anatomybwith Surface Anatomy, Dissection, Radiology Anatomy, Clinical Anatomy and Case Scenarioscedited by V. Subhadra Devi a7th ed bJaypeeaNew Delhic2022 a610p. / V.3bcol. ill. aIncludes Index aVolume 3. - Contains Two Section: (Section 1) : Head and Neck (Section 2) : Neuroanatomy1 aAnatomy1 aHuman Anatomy aDevi, V. Subhadra (ed.)